Dějiny nauk národohospodářských od doby fysiokratů až po naše dny

Salvato in:
Dettagli Bibliografici
Autore principale: Gide, Ch
Altri autori: Rist, Ch, Koudela, Jan, Koudelová, Milada
Natura: Libro
Lingua:ceco
Pubblicazione: Praha Laichter 1928
Edizione:2. vyd.
Soggetti:
Tags: Aggiungi Tag
Nessun Tag, puoi essere il primo ad aggiungerne!!

MARC

LEADER 00000nam a2200000 4500
001 c013001
005 20221220101558.3
041 0 |a cze 
044 |a CZ 
245 1 0 |a Dějiny nauk národohospodářských od doby fysiokratů až po naše dny  |c Ch. Gide, Ch. Rist ; [Z angl. prel.] Jan Koudela, Milada Koudelová 
250 |a 2. vyd. 
264 1 |a Praha  |b Laichter  |c 1928 
300 |a 434 s. 
610 2 0 |a dejiny hospodárske 
610 2 0 |a hospodárstvo národné 
610 2 0 |a ČSR 
100 1 |a Gide, Ch. 
700 1 |a Rist, Ch. 
700 1 |a Koudela, Jan 
700 1 |a Koudelová, Milada